Ανθρώπινα δικαιώματα και αιτούντες άσυλο : η περίπτωση της Χίου : [μεταπτυχιακή εργασία]
Αποθηκεύτηκε σε:
| Κύριος συγγραφέας: | |
|---|---|
| Συγγραφή απο Οργανισμό/Αρχή: | |
| Άλλοι συγγραφείς: | |
| Μορφή: | Thesis Βιβλίο |
| Γλώσσα: | Greek |
| Δημοσίευση: |
2008
|
| Θέματα: | |
| Διαθέσιμο Online: | http://hdl.handle.net/11610/11893 |
| Ετικέτες: |
Προσθήκη ετικέτας
Δεν υπάρχουν, Καταχωρήστε ετικέτα πρώτοι!
|
MARC
| LEADER | 00000cam a2200000 i 4500 | ||
|---|---|---|---|
| 001 | 1/6613 | ||
| 008 | 100419s2008 gre d | ||
| 035 | |l 10107572 | ||
| 040 | |a GR-MY-UA |b gre |e aacr | ||
| 041 | 0 | |a gre | |
| 082 | 0 | |a 323.631 |2 (22) | |
| 100 | 1 | |a Μπολίκα, Άννα. | |
| 245 | 1 | 0 | |a Ανθρώπινα δικαιώματα και αιτούντες άσυλο : |b η περίπτωση της Χίου : [μεταπτυχιακή εργασία] / |c Μπολίκα Άννα ; υπεύθυνος καθηγητής Γεωργούλας Στράτος |
| 260 | |c 2008 | ||
| 300 | |a 95 σ.; |b εικ.; |c 30 εκ. | ||
| 500 | |a Βιβλιογραφία: σ. 92-95 | ||
| 502 | |a Διατριβή (μεταπτυχιακή) – Πανεπιστήμιο Αιγαίου, Λέσβος, 2008. | ||
| 650 | 0 | |a Human rights |z Greece |z Chios (Municipality) | |
| 650 | 0 | |a Immigrants |x Legal status, laws, etc. |z Greece |z Chios (Municipality) | |
| 650 | 0 | |a Asylum, Right of |z Greece |z Chios (Municipality) | |
| 650 | 0 | |a Asylum, Right of |x Political aspects |z Greece |z Chios (Municipality) | |
| 650 | 0 | |a Refugees |x Legal status, laws, etc. |z Greece |z Chios (Municipality) | |
| 650 | 0 | 0 | |a Dissertations, Academic |z Greece. |
| 700 | 1 | |4 ths |a Γεωργούλας, Στράτος. | |
| 710 | 2 | |a Πανεπιστήμιο Αιγαίου |b Σχολή Κοινωνικών Επιστημών |b Τμήμα Κοινωνιολογίας |b Μεταπτυχιακό Πρόγραμμα Σπουδών Έρευνα Εφαρμοσμένη στην Ανάπτυξη Καινοτόμων Τοπικών και Περιφερειακών Πολιτικών και την Κοινωνική Συνοχή. | |
| 852 | |a INST |b LESVOS |c DIATR |e 20100419 |h 83 |p 005100046210 |q 005100046210 |t MTXE |y 23 | ||
| 852 | |a INST |b LESVOS |c DIATR |e 20100419 |h 84 |p 005100046209 |q 005100046209 |t MTXE |y 23 | ||
| 856 | |u http://hdl.handle.net/11610/11893 | ||
| 901 | |a BIBL1-2010-1 | ||
| 909 | |a Λ |b 162836 | ||
| 909 | |a Λ |b 162837 | ||
| 924 | |a Μπολίκα |b Αννα |y Λέσβος |z 2009-11 | ||
| 970 | |a Τζαφέρη |b Ευαγγελία |z 2010/04/19 | ||